Декабристы об Армении и Закавказье = (Record no. 148319)
[ view plain ]
| 000 -LEADER | |
|---|---|
| fixed length control field | 01468nam a2200289 u 4500 |
| 001 - CONTROL NUMBER | |
| control field | 000390701 |
| 003 - CONTROL NUMBER IDENTIFIER | |
| control field | AM-YeHGA |
| 005 - DATE AND TIME OF LATEST TRANSACTION | |
| control field | 20250618072334.0 |
| 008 - FIXED-LENGTH DATA ELEMENTS--GENERAL INFORMATION | |
| fixed length control field | 040622s1985 ai r 000 0 rus d |
| 040 ## - CATALOGING SOURCE | |
| Original cataloging agency | AM-YeHGA |
| 041 0# - LANGUAGE CODE | |
| Language code of text/sound track or separate title | rus |
| 090 ## - LOCALLY ASSIGNED LC-TYPE CALL NUMBER (OCLC); LOCAL CALL NUMBER (RLIN) | |
| -- | 149707 |
| 245 00 - TITLE STATEMENT | |
| Title | Декабристы об Армении и Закавказье = |
| Remainder of title | Դեկաբրիստները Հայաստանի և Անդրկովկասի մասին : (Сборник документов и материалов) / |
| Statement of responsibility, etc. | АН АрмССР, Ин-т истории. |
| 246 11 - VARYING FORM OF TITLE | |
| Title proper/short title | Դեկաբրիստները Հայաստանի և Անդրկովկասի մասին : |
| Remainder of title | (Փաստաթղթերի և նյութերի ժողովածու) |
| 260 ## - PUBLICATION, DISTRIBUTION, ETC. | |
| Place of publication, distribution, etc. | Ереван : |
| Name of publisher, distributor, etc. | Изд-во АН АрмССР, |
| Date of publication, distribution, etc. | 1985. |
| 300 ## - PHYSICAL DESCRIPTION | |
| Extent | 408 с. : |
| Other physical details | табл. ; |
| Dimensions | 21 см. |
| 500 ## - GENERAL NOTE | |
| General note | Указ. имен: с. 404-407 |
| 500 ## - GENERAL NOTE | |
| General note | Примеч. с. 250-257 |
| 500 ## - GENERAL NOTE | |
| General note | Приложение с. 257-403 |
| 504 ## - BIBLIOGRAPHY, ETC. NOTE | |
| Bibliography, etc. note | Библиогр. в подстроч. примеч. |
| 505 00 - FORMATTED CONTENTS NOTE | |
| Miscellaneous information | Ч. 1 (1985, 408 с.) / |
| Statement of responsibility | Сост. и ред. М.Г.Нерсисян |
| 650 14 - SUBJECT ADDED ENTRY--TOPICAL TERM | |
| Topical term or geographic name entry element | Освободительное движение |
| General subdivision | Восстание декабристов |
| 650 14 - SUBJECT ADDED ENTRY--TOPICAL TERM | |
| Topical term or geographic name entry element | Декабристы об Армении |
| 700 1# - ADDED ENTRY--PERSONAL NAME | |
| Personal name | Ներսիսյան, Մկրտիչ Գեղամի, |
| Dates associated with a name | 1909-1999 |
| Relator term | сост., ред. |
| Relationship | com |
| -- | edt |
| 9 (RLIN) | 601 |
| 710 2# - ADDED ENTRY--CORPORATE NAME | |
| Corporate name or jurisdiction name as entry element | Институт истории АН АрмССР |
| 942 ## - ADDED ENTRY ELEMENTS (KOHA) | |
| Source of classification or shelving scheme | Universal Decimal Classification |
| Koha item type | Գրքեր / Books |
| Withdrawn status | Lost status | Damaged status | Not for loan | Collection | Home library | Current library | Date acquired | Serial enumeration / chronology | Total checkouts | Full call number | Barcode | Date last seen | Price effective from | Koha item type | Public note |
|---|---|---|---|---|---|---|---|---|---|---|---|---|---|---|---|
| General | Fundamental Scientific Library | Fundamental Scientific Library | 28/12/2016 | Ч. 1 | PII/544850 | FL0147245 | 28/12/2016 | 28/12/2016 | Գրքեր / Books | 30 Days Loan | |||||
| General | Fundamental Scientific Library | Fundamental Scientific Library | 28/12/2016 | PII/547649 | FL0143182 | 28/12/2016 | 28/12/2016 | Գրքեր / Books | 30 Days Loan | ||||||
| General | Fundamental Scientific Library | Fundamental Scientific Library | 28/12/2016 | PII/551945 | FL0135214 | 28/12/2016 | 28/12/2016 | Գրքեր / Books | 30 Days Loan | ||||||
| General | Fundamental Scientific Library | Fundamental Scientific Library | 28/12/2016 | PII/551946 | FL0135215 | 28/12/2016 | 28/12/2016 | Գրքեր / Books | 30 Days Loan | ||||||
| General | Fundamental Scientific Library | Fundamental Scientific Library | 28/12/2016 | PII/551947 | FL0135216 | 28/12/2016 | 28/12/2016 | Գրքեր / Books | 30 Days Loan |
ՀՀ Գիտությունների ազգային ակադեմիայի հիմնարար գիտական գրադարան = Fundamental Scientific Library of NAS RA
All site content, except where otherwise noted, is licensed under a